000 00554nam a22001577a 4500
999 _c62549
_d62549
005 20241205160610.0
008 241205s2023 ru ||||| |||| 00| 0 rus d
020 _a 9785521260164x
041 _arus
080 _a82.3 : 39 B-15
100 _aОвчининская, Валентина Михайловна.
_923864
245 _aКак живут японцы /
_cВ. М. Овчининская.
264 _aМосква :
_bКнига по требованию,
_c2023.
300 _a185 стр.:
_bилл.;
_c24 см.
942 _2udc
_cᲬᲘᲒᲜᲘ